| 000 | 00629nam a2200205 4500 | ||
|---|---|---|---|
| 001 | 113256 | ||
| 003 | ES-MaACL | ||
| 007 | t| | ||
| 008 | 061121s1974 sp r ||||1| spa d | ||
| 100 | 1 |
_aMyrdal, Jan. _984764 |
|
| 245 | 1 | 4 |
_aUna aldea de la China popular / _cJan Myrdal ; [traducción de Nuria Petit]. |
| 250 | _a[2ª ed.]. | ||
| 260 |
_aBarcelona : _bSeix Barral, _c1974. |
||
| 300 |
_a477 p. ; _c19 cm. |
||
| 490 | 1 |
_aBiblioteca breve de bolsillo ; _v29 |
|
| 700 | 1 |
_aPetit, Nuria. _991509 |
|
| 830 | 0 |
_aBiblioteca breve de bolsillo ; _v29 _9184566 |
|
| 852 |
_aES-MaACL _jE-5551 _bR.89975 |
||
| 999 |
_c113256 _d113256 |
||